Valtiot, joissa on eniten yli 100 km² suuruisia järviä - Statistics

Yleistilastot
  • Tätä visaa on pelattu 530 kertaa
  • Keskiarvotulos 11 / 13
Vastaustilastot
Järviä Valtio % Oikein
45 Suomi
99%
134 Venäjä
99%
325 Kanada
98%
110 Yhdysvallat
98%
29 Ruotsi
96%
96 Kiina
92%
23 Brasilia
85%
10 Intia
80%
13 Argentiina
71%
11 Meksiko
69%
29 Australia
68%
28 Kazakstan
65%
11 Mongolia
60%
Ehtoja vastaavia visoja ei löytynyt
Tulosjakauma
Jokaisen tuloksen saaneiden osuus
Persentiili vastausten määrän mukaan
Tuloshistoriasi
Et ole pelannut tätä visaa